مكتبة جامعة عجلون الوطنية

فهرس بحث المكتبة

Museum of Islamic Art : The Collection (Record no. 33737)

MARC details
000 -LEADER
fixed length control field 00537nam a22001937a 4500
003 - CONTROL NUMBER IDENTIFIER
control field JO-AjAnu
005 - DATE AND TIME OF LATEST TRANSACTION
control field 20241019101445.0
008 - FIXED-LENGTH DATA ELEMENTS--GENERAL INFORMATION
fixed length control field 241019b jo ||||| |||| 00| 0 ara d
020 ## - INTERNATIONAL STANDARD BOOK NUMBER
International Standard Book Number 9780500480847
040 ## - CATALOGING SOURCE
Transcribing agency JO-AjAnu
041 ## - LANGUAGE CODE
Language code of original eng
100 ## - MAIN ENTRY--PERSONAL NAME
Personal name Thames
9 (RLIN) 66265
Relator term author
245 ## - TITLE STATEMENT
Title Museum of Islamic Art : The Collection
Statement of responsibility, etc. / Thames & Hudson
260 ## - PUBLICATION, DISTRIBUTION, ETC.
Place of publication, distribution, etc. Qatar :
Name of publisher, distributor, etc. Qater Museums,
Date of publication, distribution, etc. 2022
300 ## - PHYSICAL DESCRIPTION
Extent 592 pages
650 ## - SUBJECT ADDED ENTRY--TOPICAL TERM
Form subdivision Islamic-Museum of Islamic Art
700 ## - ADDED ENTRY--PERSONAL NAME
Personal name Hudson
Relator term Joint Author
9 (RLIN) 66270
942 ## - ADDED ENTRY ELEMENTS (KOHA)
Source of classification or shelving scheme Library of Congress Classification
Koha item type Books
Suppress in OPAC No
Holdings
Withdrawn status Lost status Source of classification or shelving scheme Damaged status Not for loan Home library Current library Date acquired Total Checkouts Full call number Barcode Date last seen Price effective from Koha item type
    Library of Congress Classification     مكتبة جامعة عجلون الوطنية مكتبة جامعة عجلون الوطنية 19/10/2024   NA2420.Q2.2022 E3904 19/10/2024 19/10/2024 Books